[Event "Ostrava Konik op"]
[Site "Ostrava"]
[Date "2014.04.28"]
[Round "3"]
[White "Simon, David"]
[Black "Bohanesova, Vendula"]
[Result "0-1"]
[WhiteElo "1250"]
[BlackElo "1652"]
[PlyCount "98"]
[EventDate "2014.04.26"]
[EventType "swiss"]
[EventRounds "9"]
[EventCountry "CZE"]
[SourceTitle "CBM 160 Extra"]
[Source "ChessBase"]
[SourceDate "2014.07.01"]
[SourceVersion "1"]
[SourceVersionDate "2014.07.01"]
[SourceQuality "1"]

1. c4 e6 2. g3 d5 3. cxd5 exd5 4. e3 Nf6 5. d4 Nc6 6. Bg2 Be7 7. Ne2 0-0 8. 0-0 Be6 9. Nd2 Qd7 10. Re1 Bh3 11. Nf4 Bxg2 12. Nxg2 Rae8 13. b3 Bb4 14. a3 Bc3 15. Ra2 Re6 16. b4 Rfe8 17. Rc2 Ne4 18. Nf4 R6e7 19. Qh5 Bxd2 20. Bxd2 Nf6 21. Qh3 Qxh3 22. Nxh3 Nxd4 23. exd4 Rxe1+ 24. Bxe1 Rxe1+ 25. Kg2 c6 26. Nf4 h6 27. Nd3 Rd1 28. Nc5 Rxd4 29. Nxb7 Rc4 30. Rd2 Ne4 31. Rd3 Kf8 32. Na5 Rc2 33. Rf3 f6 34. h4 Ke7 35. Nb3 Kd6 36. Nd4 Rc1 37. Nf5+ Ke5 38. Nxg7 d4 39. Rf5+ Kd6 40. f3 Rc2+ 41. Kg1 d3 42. fxe4 d2 43. Rf1 Rc1 44. Nf5+ Ke5 45. Ne3 Kxe4 46. Nd1 Kd3 47. Nb2+ Kc2 48. Nc4 Rxf1+ 49. Kxf1 d1Q+ 0-1

[Event "OP-2012-0-01996"]
[Site "LSS email"]
[Date "2012.01.12"]
[Round "?"]
[White "Simon, David"]
[Black "Couspeyre, Thierry"]
[Result "1-0"]
[WhiteElo "1375"]
[BlackElo "1158"]
[PlyCount "51"]
[EventDate "2012.01.09"]
[EventType "tourn (corr)"]
[EventRounds "4"]
[EventCountry "GER"]
[SourceTitle "Telechess CBM 157"]
[Source "ChessBase"]
[SourceDate "2013.11.12"]
[SourceVersion "1"]
[SourceVersionDate "2013.11.12"]
[SourceQuality "1"]

1. e4 e5 2. Nf3 Nc6 3. Bc4 Bc5 4. Nc3 Nf6 5. Ng5 d5 6. exd5 Na5 7. Bb5+ c6 8. dxc6 bxc6 9. Be2 0-0 10. Nce4 Bb6 11. d3 h6 12. Nxf6+ Qxf6 13. Ne4 Qh4 14. 0-0 c5 15. Bf3 Rb8 16. b3 Nc6 17. c3 Rd8 18. Qe2 Ba6 19. Rd1 Rbc8 20. Ng3 Ne7 21. Qxe5 Bxd3 22. Rxd3 Rxd3 23. Nh5 Nf5 24. Qxf5 Rcd8 25. Be3 Rxc3 26. Qe5 1-0